Quick Pick: Brown or Grey? Quiz Stats

Quiz Updated Sep 2, 2016

Challenge
Share
Tweet
Embed
Score 0/7 Timer 01:00
0 Plays Today
% Correct
Chocolate
98.3%
Khaki
90.3%
Hazel
88.8%
Fawn
85.9%
Umber
83.6%
Sepia
82.1%
Russet
79.4%

Today's Daily Dose

Missing Word
Spring is Sprung

Word Ladder
Stranger Things

On This Day
April 27th II

You're not logged in!

Compare scores with friends on all Sporcle quizzes.
Sign Up with Email
OR
Log In

You Might Also Like...

Show Comments

Extras

Top Quizzes Today


Score Distribution

Your Account Isn't Verified!

In order to create a playlist on Sporcle, you need to verify the email address you used during registration. Go to your Sporcle Settings to finish the process.

Report this User

Report this user for behavior that violates our Community Guidelines.

Details: